Konserva/Na hudbu.

Uložené v:
Podrobná bibliografia
Médium: Časopis
Jazyk:Czech
Vydané: Praha : Sdružení na podporu vydávání časopisů, 1990-1996.
Tagy: Pridať tag
Žiadne tagy, Buďte prvý kto otaguje tento záznam!

MARC

LEADER 00000nas a2200000 a 4500
001 000303457
003 SVKK
005 20240521115951.0
008 040618d19901996xr r|p||| |0 a0cze
022 |a 0862-7991 
040 |a KE001  |b slo  |e AACR2 
041 0 |a cze 
044 |a xr  |c CZ 
210 0 |a Konserva/hudbu 
222 0 |a Konserva/Na hudbu 
245 0 0 |a Konserva/Na hudbu. 
246 3 3 |a Konserva. 
246 3 3 |a Na hudbu. 
260 |a Praha :  |b Sdružení na podporu vydávání časopisů,  |c 1990-1996. 
310 |a nepravidelne 
362 0 |a (1990), č.1 - (1996), č. 12  |z SK ČR/2011 
910 |a KE001  |b C.6537 
998 |a SE 
090 |g CASOS  |k Sklad  |a C.6537  |j 177297  |i 2721105703  |s Zviazaný časopis 
090 |g CASOS  |k Sklad  |a C.6537  |j 177389  |i 303457-10  |s Zviazaný časopis